000 00625cam a22002173a 4500
001 35245
003 PGUSA
005 20140828083747.0
008 110212s2011||||xxu|||||s|||||000 | eng d
040 _aPGUSA
_beng
042 _adc
100 1 _aBadlam, Anna B.
245 1 4 _aThe World and Its People :
_bBook VII : Views in Africa
_h[electronic resource] /
_cAnna B. Badlam
260 _bProject Gutenberg,
_c2011
506 _aPublic domain in the USA.
516 _aElectronic text
700 1 _aDunton, Larkin
830 0 _aProject Gutenberg
_v35245
856 4 0 _uhttp://www.gutenberg.org/ebooks/35245
942 _cEB
999 _c264500
_d264500